000
00341nam a2200145Ia 4500
003
OSt
005
20231214100128.0
008
170524s9999 xx 000 0 und d
020
_a
8171324517
040
_c
IIMT UNIVERSITY
100
_a
JENA- MENA CISA
245
0
_a
WOMEN IN WORLD JOURNALISM
260
_b
POINTER : JAIPUR
942
_2
ddc
_c
01
999
_c
9085
_d
9085